000 01273cam a22003497a 4500
003 CHAP
005 20220329141825.0
008 971117d1997 mx b r 00110 spa d
010 _a74403
011 _a75375
035 _a84936
040 _cCHAP
090 _aTesis
100 0 0 _aColchero García, Angel.
_924617
245 1 0 _aImpacto económico de las reformas al artículo 27 constitucional, en el "ejido Tixtla" del municipio de Tixtla, Guerrero
_c/por Angel Colchero García
260 _aChapingo, Méx. :
_bEl autor,
_c1997.
300 _a100 h. :
_bgráfs. ; mapas
502 _aTesis (Lic. en Economía Agrícola) -- UACH. Departamento de Economía Agrícola
590 _aALEPH
_b10
_c20130110
_lUCH01
_h1418
590 _aBATCH-UPD
_b10
_c20130110
_lUCH01
_h0715
590 _aBATCH-UPD
_b10
_c20130410
_lUCH01
_h0400
590 _aBATCH-UPD
_b10
_c20130914
_lUCH01
_h1253
590 _aCONVERSION
_b10
_c20130109
_lUCH01
_h1341
650 1 4 _aEjido Tixtla, Gro.
_935997
650 1 4 _aReforma agraria
_xLeyes.
_995561
650 1 4 _aTierras
_xTenencia
_xGuerrero.
_9113169
901 _aBK
905 _aAlejandra Carrasco M.
942 _cTESIS
949 _bBC
_cTES
_d33724000637716
_eTS1
_fc.2
_h31607
_i84936
_si
949 _bBC
_cTES
_d849361
_eTS1
_h31606
_i84936
_sb
999 _c74403
_d74403